00722nam a2200157Ia 4500008004100000024005600041082001900097100007800116245005100194260002500245600002700270650003300297856010700330952011000437999001700547250506s9999 xx 000 0 und d a08B-177-EE, 08B-189-EE, 08B-169-EE & 08B-182-EE a629.895072 MUH aMuhammad Asad Hussain, Noman Qureshi, Basit Sohail & Shezawaar Omer Bugti 0aReal Model of Microcontroller Based White Cane aKarachi:bUIT,c2008 aElectronic Engineering aBachelor of Engineering (BE) uhttps://drive.google.com/file/d/1DHepukJ990LMCglbqiMg4_gH2275JLgN/view?usp=sharingyClick here for PDF 001040708PR-EEaUITUbUITUd2022-07-26l0o629.895072 MUHpEE-199r2025-05-06 11:34:13w2025-05-06yPR c27950d27950